Gminy powiatu Brzozowskiego - Statystyki

Ogólne statystyki
  • Ten quiz został rozwiązany 50 razy
  • Średni wynik to 4 z 6
Statystyki odpowiedzi
Hint Odpowiedź % Poprawnych
Gmina Brzozów
92%
Gmina Dydnia
73%
Gmina Domaradz
65%
Gmina Jasienica Rosielna
65%
Gmina Haczów
62%
Gmina Nozdrzec
54%
Nie znaleziono quizów pasujących do podanych kryteriów
Rozkład punktacji
Procent ludzi z każdym wynikiem
Percentyl według liczby udzielonych odpowiedzi
Twoja historia wyników
Nie rozwiązałeś tego quizu